迷路館殺人

資料類型: Book 圖書   書目號:20954

Leader xxxxxxxxxx
001 __ PCLIS00020954
005 __ 20210401141130.0
010 0_ |a957-33-0994-7|b平裝|dNT$170
100 __ |a19870509d1993    m  y1chiy09      e
101 0_ |achi
102 __ |atw
105 __ |ae   z   000ay
200 1_ |a迷路館殺人|f綾[辻]行人作|g許珀理譯
205 __ |a修訂版
210 __ |a臺北巿|c皇冠|d1993[民82]
215 0_ |a274面|c|d21公分
225 2_ |a綾辻行人推理小說|v3
225 2_ |a皇冠叢書|v1582
300 __ |a譯自: 迷路館ソ殺人
517 1_ |a殺人迷路館
606 __ |2cst|a小說
700 _1 |a綾辻|b行人|4702 _1 |a|b珀理|4702 _1 |a|b小玲|4770 _1 |aAyatsuji, Yukito|f1960- |4author
801 _0 |atw|b內湖高中|c20010622
801 _2 |atw|b內湖高中|c20210401|gCCR
詳細館藏(共 1 筆)
索 書 號登 錄 號冊次號館別 / 館藏地流通類型狀態加入預約清單電子資源
861.57 / 8977 1010619  圖書館 / 一樓普通區 可外借30天 在館   

| 條列資料




目錄查詢 分類查詢 個人資料 圖書薦購 新書查詢 閉館日 排行榜 更多電子資源 Hami書城 線上資料庫 登出

From : 216.73.216.116

  本日流通累計至 09:58:20 借閱 : 3 次 續借 : 0 次 歸還 : 7 次 預約 : 0 次 電子資源 : 0 次


內湖高中圖書館  PCLIS 版本  25.5.0.2